Odpočet straty zo základu dane z príjmov

Zákon č. 286/1992 Zb. o daniach z príjmov v znení neskorších predpisov ustanovuje spôsob uplatnenia dosiahnutej straty ako pre fyzické osoby, tak i pre právnické osoby. Možnosti odpočtu straty zo základu dane z príjmov fyzických osôb. Odpočet straty zo základu dane právnických osôb. Praktické príkla...

Descrizione completa

Salvato in:
Dettagli Bibliografici
Autore principale: Jánoš, Daniel
Natura: Capitolo di libro
Lingua:slovacco
Soggetti:
Tags: Aggiungi Tag
Nessun Tag, puoi essere il primo ad aggiungerne!!

MARC

LEADER 00000naa a2200000 4500
001 r030991
005 20230919081040.8
041 0 |a slo 
044 |a SK 
245 1 0 |a Odpočet straty zo základu dane z príjmov  |c Daniel Jánoš 
520 |a Zákon č. 286/1992 Zb. o daniach z príjmov v znení neskorších predpisov ustanovuje spôsob uplatnenia dosiahnutej straty ako pre fyzické osoby, tak i pre právnické osoby. Možnosti odpočtu straty zo základu dane z príjmov fyzických osôb. Odpočet straty zo základu dane právnických osôb. Praktické príklady. 
610 2 0 |a dane z príjmov 
610 2 0 |a strata 
610 2 0 |a odpočet straty 
610 2 0 |a strata daňová 
610 2 0 |a daňovníci 
610 2 0 |a odpisy daňové 
610 2 0 |a osoby fyzické 
610 2 0 |a osoby právnické 
100 1 |a Jánoš, Daniel